000 01556nam a2200241Ia 4500
999 _c53929
_d53929
001 20980
003 GE_BSU
005 20210702181918.0
008 181216s2016||||ge |||||||||||||| ||geo||
020 _a9789941084065
040 _cGE_BSU
041 _ageo
080 _a629.78(479.22)(092) პ-38
245 _aპირველი ქართული კოსმოსური ობიექტის გენერალური კონსტრუქტორი = The General Constuctor of the first Georgian space object :
_b[ელგუჯა მეძმარიაშვილი] /
_cსარედაქციო ჯგუფი : ნოდარ წიგნაძე, მიხეილ ჯანიკაშვილი, მერაბ ადეიშვილი [და სხვ.].
264 _aთბილისი :
_bსაქართველოს ტექნიკური უნ-ტი,
_c2016.
300 _a404, [2] გვ. :
_bფოტ. ;
_c29 სმ.
541 _h20ლ.
653 _aკოსმოსური ტექნიკის ქართველი კონსტრუქტორები
653 _aელგუჯა მეძმარიაშვილი
653 _aპირველი ქართული კოსმოსური ობიექტის გენერალური კონსტრუქტორი
710 _aსაქართველოს ტექნიკური უნივერსიტეტი
_912181
942 _cBK
_2udc